Arsenal most expensive signings - Statistics

General Stats
  • This quiz has been taken 52 times
  • The average score is 23 of 25
Answer Stats
Year Nationality Age Position Left Fee Player % Correct
2017 France 26 ST Lyon €53m Alexandre Lacazette
100%
2023 England 24 CDM West Ham €116m Declan Rice
100%
2023 Germany 24 CAM Chelsea €75m Kai Havertz
100%
2018 Gabon 28 ST Borussia Dortmund €64m Pierre-Emerick Aubameyang
100%
2021 England 23 RB Brighton €58m Ben White
98%
2022 Brazil 25 ST Manchester City €52m Gabriel Jesus
98%
2016 Switzerland 23 CDM Borussia Mönchengladbach €45m Granit Xhaka
98%
2013 Germany 24 CAM Real Madrid €47m Mesut Özil
98%
2019 Ivory Coast 24 RW Lille €80m Nicolas Pépé
98%
2020 Ghana 27 CDM Atletico Madrid €50m Thomas Partey
98%
2014 Chile 25 CF Barcelona €42m Alexis Sánchez
96%
2021 Norway 22 CAM Real Madrid €35m Martin Ødegaard
96%
2022 Ukraine 25 LB Manchester City €35m Oleksandr Zinchenko
96%
2019 France 18 CB Saint-Étienne €30m William Saliba
96%
2021 England 23 GK Sheffield United €28m Aaron Ramsdale
94%
2019 Scotland 22 LB Celtic €27m Kieren Tierney
94%
2023 Netherlands 22 CB Ajax €40m Jurrien Timber
91%
2023 Belgium 28 LW Brighton €24m Leandro Trossard
91%
2020 Brazil 22 CB Lille €26m Gabriel Magalhães
89%
2018 Germany 26 GK Bayer Leverkusen €25m Bernd Leno
87%
2018 Armenia 29 CAM Manchester United €34m Henrikh Mkhitaryan
83%
2016 Germany 24 CB Valencia €41m Shkodran Mustafi
83%
2022 Portugal 22 CAM Porto €35m Fábio Vieira
81%
2018 Uruguay 22 CDM Sampdoria €28m Lucas Torreira
77%
2014 England 19 CB Southampton €21m Calum Chambers
45%
No matching quizzes found
Score Distribution
Percent of People with Each Score
Percentile by Number Answered
Your Score History
You have not taken this quiz